Southville International School and Colleges
Your cart is empty.
  • Cart
  • Lists
    Public lists Eva Luna New books Lux_list list_1
    Your lists Log in to create your own lists
  • Log in to your account
  • Your cookies
  • Search history
Southville International School and Colleges
  • Advanced search
  • Recent comments
  • Most popular
  • Libraries

Log in to your account

Log in with GOOGLE


If you do not have an external account, but do have a local account, you can still log in:

  1. Home
  2. MARC view: A wrinkle in time /
Normal view MARC view ISBD view

A wrinkle in time / (Record no. 10727)

[ view plain ]
MARC details
000 -LEADER
fixed length control field 01215pam a2200337 a 4500
001 - CONTROL NUMBER
control field 15173563
003 - CONTROL NUMBER IDENTIFIER
control field OSt
005 - DATE AND TIME OF LATEST TRANSACTION
control field 20181015073637.0
008 - FIXED-LENGTH DATA ELEMENTS--GENERAL INFORMATION
fixed length control field 080208r20071962nyua c 000 1 eng
010 ## - LIBRARY OF CONGRESS CONTROL NUMBER
LC control number 2008271304
020 ## - INTERNATIONAL STANDARD BOOK NUMBER
International Standard Book Number 9780312367558 (pbk.)
020 ## - INTERNATIONAL STANDARD BOOK NUMBER
International Standard Book Number 0312367554 (pbk.)
040 ## - CATALOGING SOURCE
Original cataloging agency DLC
Transcribing agency DLC
042 ## - AUTHENTICATION CODE
Authentication code lcac
050 00 - LIBRARY OF CONGRESS CALL NUMBER
Classification number PZ 7
Item number .L5385 1962
082 00 - DEWEY DECIMAL CLASSIFICATION NUMBER
Classification number FIC
Item number L46 2007
100 1# - MAIN ENTRY--PERSONAL NAME
Personal name L'Engle, Madeleine.
9 (RLIN) 6070
245 12 - TITLE STATEMENT
Title A wrinkle in time /
Statement of responsibility, etc Madeleine L'Engle.
250 ## - EDITION STATEMENT
Edition statement 1st Square Fish mass market ed.
260 ## - PUBLICATION, DISTRIBUTION, ETC. (IMPRINT)
Place of publication, distribution, etc New York :
Name of publisher, distributor, etc Square Fish,
Date of publication, distribution, etc c1962.
300 ## - PHYSICAL DESCRIPTION
Extent 212 p. :
Other physical details ill. ;
Dimensions 18 cm.
650 #1 - SUBJECT ADDED ENTRY--TOPICAL TERM
Topical term or geographic name as entry element Science fiction.
856 42 - ELECTRONIC LOCATION AND ACCESS
Materials specified Contributor biographical information
Uniform Resource Identifier <a href="http://www.loc.gov/catdir/enhancements/fy0828/2008271304-b.html">http://www.loc.gov/catdir/enhancements/fy0828/2008271304-b.html</a>
856 42 - ELECTRONIC LOCATION AND ACCESS
Materials specified Publisher description
Uniform Resource Identifier <a href="http://www.loc.gov/catdir/enhancements/fy0828/2008271304-d.html">http://www.loc.gov/catdir/enhancements/fy0828/2008271304-d.html</a>
906 ## - LOCAL DATA ELEMENT F, LDF (RLIN)
a 7
b cbc
c origcop
d 2
e ncip
f 20
g y-gencatlg
942 ## - ADDED ENTRY ELEMENTS (KOHA)
Source of classification or shelving scheme Library of Congress Classification
Koha item type Books
Holdings
Withdrawn status Lost status Source of classification or shelving scheme Damaged status Home library Current library Shelving location Date acquired Total Checkouts Total Renewals Full call number Barcode Checked out Date last seen Date checked out Copy number Price effective from Koha item type Source of acquisition
    Library of Congress Classification   Luxembourg Library Luxembourg Library Fiction Section 09/09/2013 5 2 PZ 7 .L5385Wr 1962 18635 12/16/2025 12/09/2025 12/09/2025 1 09/09/2013 Books  
    Library of Congress Classification   Luxembourg Library Luxembourg Library Fiction Section 09/09/2013 2 4 PZ 7 .L5385Wr 1962 18636   12/04/2017 11/29/2017 2 09/09/2013 Books  
    Library of Congress Classification   Luxembourg Library Luxembourg Library Fiction Section 10/04/2018     PZ 7 .L5385Wr 1962 20597   10/04/2018     10/04/2018 Books Library Fund

A wrinkle in time /

APA

L'Engle M., . (1962). A wrinkle in time. New York: Square Fish.

Chicago

L'Engle Madeleine, . 1962. A wrinkle in time. New York: Square Fish.

Harvard

L'Engle M., . (1962). A wrinkle in time. New York: Square Fish.

MLA

L'Engle Madeleine, . A wrinkle in time. New York: Square Fish. 1962.

  • Place hold
  • Print
  • Cite
  • Add to your cart (remove)
  • Save record
    BIBTEX Dublin Core MARCXML MARC (non-Unicode/MARC-8) MARC (Unicode/UTF-8) MARC (Unicode/UTF-8, Standard) MODS (XML) RIS
  • More searches
    Search for this title in:
    Other Libraries (WorldCat) Other Databases (Google Scholar) Online Stores (Bookfinder.com) Open Library (openlibrary.org)

Exporting to Dublin Core...

SOUTHVILLE LIBRARY

Southville International School and Colleges Library

1281 Tropical Ave. Cor. Luxembourg St., BF Homes International, Las Pinas City

Tel. No. 8256374 / 252358 Loc. 117/146

Powered by Koha